|
|
|
|
| LEADER |
00871nab a2200265 i 4500 |
| 001 |
publ14399 |
| 005 |
20190116163017.0 |
| 008 |
190116s2018 hu o 0|| zxx d |
| 022 |
|
|
|a 1471-2164
|
| 024 |
7 |
|
|a 10.1186/s12864-018-5085-z
|2 doi
|
| 024 |
7 |
|
|a 30388331
|2 mtmt
|
| 040 |
|
|
|a SZTE Publicatio Repozitórium
|b hun
|
| 041 |
|
|
|a zxx
|
| 100 |
1 |
|
|a Vedelek Viktor
|
| 245 |
1 |
0 |
|a Analysis of Drosophila melanogaster testis transcriptome
|h [elektronikus dokumentum] /
|c Vedelek Viktor
|
| 260 |
|
|
|c 2018
|
| 300 |
|
|
|a Paper 697.-19 p.
|
| 490 |
0 |
|
|a BMC GENOMICS
|v 19 No. 1
|
| 700 |
0 |
1 |
|a Bodai László
|e aut
|
| 700 |
0 |
1 |
|a Grézal Gábor
|e aut
|
| 700 |
0 |
1 |
|a Kovács Bence
|e aut
|
| 700 |
0 |
1 |
|a Boros Imre Miklós
|e aut
|
| 700 |
0 |
1 |
|a Laurinyecz Barbara
|e aut
|
| 700 |
0 |
1 |
|a Sinka Rita
|e aut
|
| 856 |
4 |
0 |
|u http://publicatio.bibl.u-szeged.hu/14399/1/Vedelek_transcript.pdf
|z Dokumentum-elérés
|